| 000 | 00000nam##2200000za#4500 |
| 001 | 9.643221 |
| 003 | CaOODSP |
| 005 | 20210624224053 |
| 007 | cr ||||||||||| |
| 008 | 150407|1993||||xxc|||||o f|0| 0 fre|d |
| 040 | |aCaOODSP|bfre |
| 043 | |an-cn--- |
| 086 | 1 |aEn40-446/1993F-PDF |
| 110 | 1 |aCanada.|bEnvironnement Canada. |bConservation et Protection. |
| 245 | 10|aPlan de conservation de l'eau destiné aux établissements fédéraux |h[ressource électronique] |
| 260 | |aHull - Québec : |bEnvironnement Canada. |c[1993]. |
| 300 | |a9p. |
| 590 | |a14-21-Supp|b2014-12-11 |
| 691 | 07|aÉdifice public|2gcpds |
| 691 | 07|aConservation de l'eau|2gcpds |
| 691 | 07|aGouvernement fédéral|2gcpds |
| 775 | 08|tA water conservation plan for federal government facilities |w(CaOODSP)9.699245 |
| 856 | 40|ahttp://publications.gc.ca|qPDF|s63 Ko|uhttps://publications.gc.ca/collections/collection_2014/ec/En40-446-1993-fra.pdf |